| 000 | 01789nam a2200301Ia 4500 | ||
|---|---|---|---|
| 999 |
_c4806 _d4806 |
||
| 003 | OSt | ||
| 005 | 20200402111835.0 | ||
| 008 | 191128s2014 ck a gr 000 0 spa d | ||
| 020 | _a9789587740363 | ||
| 040 |
_aCO-JMCR _cCO-JMCR |
||
| 041 | 0 | _aspa | |
| 082 | 0 | 4 |
_a320.9861 / _bC112p _221 |
| 100 | 1 |
_aCaballero Argáez, Carlos, _eeditor _92409 |
|
| 245 | 1 | 0 |
_aPunto de inflexión : _bdecisiones que rescataron el futuro de Colombia, la administración del presidente Andrés Pastrana Arango 1998- 2002 / _ceditores Carlos Caballero Argáez y Diego Pizano Salazar |
| 250 | _aPrimera edición | ||
| 260 |
_aBogotá : _bUniversidad de los Andes, _c2014 |
||
| 300 |
_a435 páginas, [16] páginas de láminas : _bilustraciones a blanco y negro ; _c24 cm. |
||
| 504 | _aBibliografía al final de cada capítulo. | ||
| 505 | 0 | _aUna política integral : los esfuerzos para lograr la paz -- La diplomacia por la paz -- El plan Colombia -- El fortalecimiento de las fuerzas armadas -- La red de apoyo social y el programa familias en acción -- Los grandes reos económicos | |
| 520 | _aPunto de inflexión reseña y analiza la manera en la cual el Gobierno del presidente Andrés Pastrana Arango enfrentó los grandes problemas que amenazaban el futuro de Colombia el 7 de agosto de 1998. | ||
| 650 | 1 | 4 |
_aPastrana Arango, Andrés _2 (+). Política de vivienda-- Colombia-- 1998-2002 (+). Colombia-- Política económica-- 1998-2002 (+). _zColombia _92410 |
| 650 | 1 | 4 |
_aPrograma familias en acción _zColombia _92411 |
| 650 | 1 | 4 |
_aPaz _xpolítica gubernamental _zColombia _92412 |
| 650 | 1 | 4 |
_aPolítica de vivienda _y1998-2002 _zColombia _92413 |
| 650 | 1 | 4 |
_aPolítica económica _y1998-2002 _zColombia _92414 |
| 700 | 1 |
_aPizano Salazar, Diego, _eeditor _92415 |
|
| 942 |
_2ddc _cBK |
||